<?xml version="1.0" encoding="UTF-8"?>
<record
    xmlns:xsi="http://www.w3.org/2001/XMLSchema-instance"
    xsi:schemaLocation="http://www.loc.gov/MARC21/slim http://www.loc.gov/standards/marcxml/schema/MARC21slim.xsd"
    xmlns="http://www.loc.gov/MARC21/slim">

  <leader>02722nam a2200217 a 4500</leader>
  <controlfield tag="001">000044700</controlfield>
  <controlfield tag="005">20230511100334.0</controlfield>
  <controlfield tag="008">141218s2014    dr ac         000 0 spa d</controlfield>
  <datafield tag="020" ind1=" " ind2=" ">
    <subfield code="a">9789945462746</subfield>
  </datafield>
  <datafield tag="040" ind1=" " ind2=" ">
    <subfield code="a">DO-SdBNP</subfield>
    <subfield code="b">spa</subfield>
    <subfield code="c">BNPHU</subfield>
  </datafield>
  <datafield tag="082" ind1=" " ind2=" ">
    <subfield code="a">xxxx</subfield>
    <subfield code="b">xxxx</subfield>
  </datafield>
  <datafield tag="100" ind1="1" ind2=" ">
    <subfield code="a">Peralta Michel, Jos&#xE9;,</subfield>
    <subfield code="d">1931-</subfield>
    <subfield code="9">46495</subfield>
  </datafield>
  <datafield tag="245" ind1="1" ind2="0">
    <subfield code="a">En la Vega :</subfield>
    <subfield code="b">resistencia antitrujillista... y m&#xE1;s all&#xE1; /</subfield>
    <subfield code="c">Jos&#xE9; Peralta Michel.</subfield>
  </datafield>
  <datafield tag="250" ind1=" " ind2=" ">
    <subfield code="a">2a ed.</subfield>
  </datafield>
  <datafield tag="260" ind1=" " ind2=" ">
    <subfield code="a">Santo Domingo :</subfield>
    <subfield code="b">CPEP,</subfield>
    <subfield code="c">2014.</subfield>
  </datafield>
  <datafield tag="300" ind1=" " ind2=" ">
    <subfield code="a">242 p. :</subfield>
    <subfield code="b">il., retrs. ;</subfield>
    <subfield code="c">22 cm.</subfield>
  </datafield>
  <datafield tag="500" ind1=" " ind2=" ">
    <subfield code="a">Incluye datos biogr&#xE1;ficos del autor en la contracubierta</subfield>
  </datafield>
  <datafield tag="505" ind1="0" ind2=" ">
    <subfield code="t">Mis primeros conocimientos de Trujillo --</subfield>
    <subfield code="t">Una agresi&#xF3;n injustificable --</subfield>
    <subfield code="t">Un testimonio: historia de la causa --</subfield>
    <subfield code="t">La juventud democr&#xE1;tica en La Vega --</subfield>
    <subfield code="t">El Partido Socialista Popular (PSP) --</subfield>
    <subfield code="t">Comunicaci&#xF3;n hist&#xF3;rica --</subfield>
    <subfield code="t">Cambio de vida y actitud frente al r&#xE9;gimen --</subfield>
    <subfield code="t">Juan Rodriguez Garc&#xED;a: asedio y exilio --</subfield>
    <subfield code="t">Jos&#xE9; Espaillat Rodr&#xED;guez. Persecuci&#xF3;n y exilio --</subfield>
    <subfield code="t">Resistencia y actividades conspirativas. Apresamientos, represi&#xF3;n y muertes --</subfield>
    <subfield code="t">Veganos marcados por la tiran&#xED;a --</subfield>
    <subfield code="t">Final de un decenio de actividades revolucionarias y represivas --</subfield>
    <subfield code="t">El proyecto revolucionario de los hermanos Batista Clisante --</subfield>
    <subfield code="t">Ney Pimentel: resistencia y muerte brutal --</subfield>
    <subfield code="t">Comienzo de la resistencia y la conspiraci&#xF3;n interna en el 1959 --</subfield>
    <subfield code="t">En La Vega: resistencia y conspiraci&#xF3;n --</subfield>
  </datafield>
  <datafield tag="505" ind1="0" ind2=" ">
    <subfield code="t">M&#xE1;rtires veganos en Constanza, Maim&#xF3;n y Estero Hondo --</subfield>
    <subfield code="t">Reactivaci&#xF3;n de la conspiraci&#xF3;n --</subfield>
    <subfield code="t">Nuevo proyecto conspirativo ampliado --</subfield>
    <subfield code="t">Las acciones revolucionarias de 10 y 11 de octubre --</subfield>
    <subfield code="t">Descubrimiento de las acciones y prisi&#xF3;n --</subfield>
    <subfield code="t">Las torturas de "La 40" --</subfield>
    <subfield code="t">Encierro en solitarias en la c&#xE1;rcel de "La Victoria" --</subfield>
    <subfield code="t">Mi permanencia en solitaria --</subfield>
    <subfield code="t">Dram&#xE1;tico comportamiento de mi hermana Nin&#xF3;n --</subfield>
    <subfield code="t">Cambio sorpresivo y encuentro familiar --</subfield>
    <subfield code="t">De solitarias a "el pasillo" --</subfield>
    <subfield code="t">De nuevo a "La 40" --</subfield>
    <subfield code="t">Resistencia de veganos y represi&#xF3;n --</subfield>
    <subfield code="t">La "magnanimidad" de Trujillo en su carta de indulto --</subfield>
    <subfield code="t">Regreso al hogar --</subfield>
    <subfield code="t">La Iglesia y Trujillo</subfield>
    <subfield code="t">La madrugada del 31 de mayo y prisi&#xF3;n --</subfield>
    <subfield code="t">Firmantes de UCN y renuncia al Partido Dominicano --</subfield>
    <subfield code="t">El 14 de Junio en La Vega --</subfield>
    <subfield code="t">Ataque y destrucci&#xF3;n del local del 14 de Junio --</subfield>
    <subfield code="t">Asalto a las residencias del Dr. G&#xF3;mez Yang&#xFC;ela y de Francisco G&#xF3;mez Estrella --</subfield>
    <subfield code="t">La noche del 19 noviembre --</subfield>
    <subfield code="t">Veganos en la insurrecci&#xF3;n constitucionalista de 1963 --</subfield>
    <subfield code="t">La muerte de Alfredo Antonio y otros hechos de Las Manaclas --</subfield>
    <subfield code="t">Vigilancia y persecuci&#xF3;n --</subfield>
    <subfield code="t">La Vega y Revoluci&#xF3;n Constitucionalista --</subfield>
    <subfield code="t">La muerte de Carlos Jos&#xE9; Sebasti&#xE1;n G&#xF3;mez --</subfield>
    <subfield code="t">La muerte de Stalin Garc&#xED;a Mu&#xF1;oz --</subfield>
  </datafield>
  <datafield tag="710" ind1="1" ind2="2">
    <subfield code="a">Rep&#xFA;blica Dominicana</subfield>
    <subfield code="b">Comisi&#xF3;n Permanente de Efem&#xE9;rides Patria</subfield>
    <subfield code="9">45309</subfield>
  </datafield>
  <datafield tag="952" ind1=" " ind2=" ">
    <subfield code="0">0</subfield>
    <subfield code="1">0</subfield>
    <subfield code="5">4</subfield>
    <subfield code="7">0</subfield>
    <subfield code="8">DS</subfield>
    <subfield code="a">GR</subfield>
    <subfield code="b">GR</subfield>
    <subfield code="c">CT</subfield>
    <subfield code="d">2014-12-18</subfield>
    <subfield code="i">LF1</subfield>
    <subfield code="l">0</subfield>
    <subfield code="o">xxxx xxxx</subfield>
    <subfield code="p">44700-30</subfield>
    <subfield code="r">2020-06-25</subfield>
    <subfield code="t">e. 3</subfield>
    <subfield code="w">2020-06-25</subfield>
    <subfield code="y">LFDS</subfield>
    <subfield code="Z">Pr&#xE9;stamo en sala</subfield>
  </datafield>
  <datafield tag="952" ind1=" " ind2=" ">
    <subfield code="0">0</subfield>
    <subfield code="1">0</subfield>
    <subfield code="5">4</subfield>
    <subfield code="7">0</subfield>
    <subfield code="8">DS</subfield>
    <subfield code="a">GR</subfield>
    <subfield code="b">GR</subfield>
    <subfield code="c">CT</subfield>
    <subfield code="d">2014-12-18</subfield>
    <subfield code="i">LF1</subfield>
    <subfield code="l">0</subfield>
    <subfield code="o">xxxx xxxx</subfield>
    <subfield code="p">44700-40</subfield>
    <subfield code="r">2020-06-25</subfield>
    <subfield code="t">e. 4</subfield>
    <subfield code="w">2020-06-25</subfield>
    <subfield code="y">LFDS</subfield>
    <subfield code="Z">Pr&#xE9;stamo en sala</subfield>
  </datafield>
  <datafield tag="952" ind1=" " ind2=" ">
    <subfield code="0">0</subfield>
    <subfield code="1">0</subfield>
    <subfield code="5">4</subfield>
    <subfield code="7">0</subfield>
    <subfield code="8">DS</subfield>
    <subfield code="a">GR</subfield>
    <subfield code="b">GR</subfield>
    <subfield code="c">CT</subfield>
    <subfield code="d">2014-12-18</subfield>
    <subfield code="i">LF1</subfield>
    <subfield code="l">0</subfield>
    <subfield code="o">xxxx xxxx</subfield>
    <subfield code="p">44700-50</subfield>
    <subfield code="r">2020-06-25</subfield>
    <subfield code="t">e.  5</subfield>
    <subfield code="w">2020-06-25</subfield>
    <subfield code="y">LFDS</subfield>
    <subfield code="Z">Pr&#xE9;stamo en sala</subfield>
  </datafield>
  <datafield tag="952" ind1=" " ind2=" ">
    <subfield code="0">0</subfield>
    <subfield code="1">0</subfield>
    <subfield code="7">1</subfield>
    <subfield code="8">PD</subfield>
    <subfield code="a">PD</subfield>
    <subfield code="b">PD</subfield>
    <subfield code="c">CT</subfield>
    <subfield code="d">2014-12-18</subfield>
    <subfield code="i">LF1</subfield>
    <subfield code="l">0</subfield>
    <subfield code="o">xxxx xxxx</subfield>
    <subfield code="p">44700-10</subfield>
    <subfield code="r">2020-06-25</subfield>
    <subfield code="w">2020-06-25</subfield>
    <subfield code="y">LFPD</subfield>
    <subfield code="Z">No se presta</subfield>
  </datafield>
  <datafield tag="952" ind1=" " ind2=" ">
    <subfield code="0">0</subfield>
    <subfield code="1">0</subfield>
    <subfield code="7">1</subfield>
    <subfield code="8">PD</subfield>
    <subfield code="a">PD</subfield>
    <subfield code="b">PD</subfield>
    <subfield code="c">CT</subfield>
    <subfield code="d">2014-12-18</subfield>
    <subfield code="i">LF1</subfield>
    <subfield code="l">0</subfield>
    <subfield code="o">xxxx xxxx</subfield>
    <subfield code="p">44700-20</subfield>
    <subfield code="r">2020-06-25</subfield>
    <subfield code="t">e. 2</subfield>
    <subfield code="w">2020-06-25</subfield>
    <subfield code="y">LFPD</subfield>
    <subfield code="Z">No se presta</subfield>
  </datafield>
  <datafield tag="999" ind1=" " ind2=" ">
    <subfield code="c">44189</subfield>
    <subfield code="d">44189</subfield>
  </datafield>
</record>
